Active Russian UFC Fighters - Statistics

General Stats
  • This quiz has been taken 56 times
  • The average score is 6 of 22
Answer Stats
Weightclass Rank Answer % Correct
Lightweight Champ Islam Makhachev
89%
Bantamweight 3 Petr Yan
71%
Bantamweight 10 Umar Nurmagomedov
62%
Light Heavyweight 2 Magomed Ankalaev
60%
Heavyweight 3 Sergei Pavlovich
60%
Heavyweight 6 Alexander Volkov
49%
Featherweight 6 Movsar Evloev
38%
Flyweight 12 Tagir Ulanbekov
33%
Bantamweight NR Said Nurmagomedov
31%
Light Heavyweight 13 Azamat Murzakanov
22%
Middleweight NR Ikram Aliskerov
18%
Middleweight NR Shara Magomedov
16%
Middleweight NR Roman Kopylov
13%
Women's Bantamweight 12 Yana Santos
11%
Welterweight NR Muslim Salikhov
4%
Welterweight NR Rinat Fakhretdinov
4%
Middleweight NR Aliaskhab Khizriev
2%
Middleweight NR Denis Tiuliulin
2%
Women's Bantamweight NR Irina Alekseeva
2%
Lightweight NR Viacheslav Borshchev
2%
Women's Bantamweight NR Daria Zhelezniakova
0%
Women's Flyweight NR Viktoriia Dudakova
0%
No matching quizzes found
Score Distribution
Percent of People with Each Score
Percentile by Number Answered
Your Score History
You have not taken this quiz